1645 1907 1856 1295 1200 1276 1501 1506 1751 1647 1134 1027 1173 1944 1091 1173 1346 1166 1440 1284 1682 1561 1124 1973 1061 1507 1989 1839 1722 1184 1452 1549 1438 1000 1177 1519 1845 1042 1146 1844 1634 1404 1884 1784 1024 1418 1326 1274 1683 1643 1559 1720 1240 1372 1777 1594 1567 1031 1240 1056 1783 1741 1442 1874 1289 1986 1677 1251 1467 1304 1840 1653 1897 1858 1500 1402 1388 1392 1157 1956 1781 1293 1647 1375 1169 1358 1578 1416 1696 1612 1186 1478 1156 1405 1135 1759 1302 1374 1598 BCNSPRNW ULIB Ver.6.0+V

เปลี่ยนเป็นภาษาไทย

Change to English
 แสดงรายละเอียดบรรณานุกรม
  กลับหน้าหลัก

Brief Record : Get Marc (ISO 2709) : E-mail record : QR code < ปิดหน้าต่าง
LEADER : 00000nas 2200000uu 4500
001    13399124680
003     ULIB
008    020711s|||| th a 000 0 tha d
022    24653780
110    สำนักงานสาธารณสุขจังหวัดนครสวรรค์
245    วารสารสาธารณสุขนครสวรรค์/^cสำนักงานสาธารณสุขจังหวัดนครสวรรค์
260    นครสวรรค์ :^bสำนักงานสาธารณสุขจังหวัดนครสวรรค์,^cม.ป.ป.
310    ^aรายสี่เดือน
850 ^a ULIB^bปีที่ 1 ฉบับที่ 1 ฉ.1 ;ปีที่ 2 ฉบับที่ 2 ฉ.1 ;ปีที่ 2 ฉบับที่ 3 ฉ.1 ;ปีที่ 3 ฉบับที่ 1 ฉ.1 ;ปีที่ 3 ฉบับที่ 2 ฉ.1
945    ^p0^l0^i903434
945    ^p0^l0^i904198
945    ^p0^l0^i904369
945    ^p0^l0^i904490
945    ^p0^l0^i904765
รายการนี้ยังไม่มีแท็ก
คุณยังไม่ได้ล็อกอิน คุณสามารถมีกิจกรรมร่วมกับเว็บไซต์ได้ แต่ต้องล็อกอินก่อน ::
  ล็อกอิน

รายการสื่อสารสนเทศ (วารสาร)

ดูแบบ: กล่อง รายการ
ARRIVED
ปีที่ 1 ฉบับที่ 1 ฉ.1
สถานที่: ห้องสมุดวิทยาเขตสวรรค์ประชารักษ์ >วารสาร
ARRIVED
ปีที่ 2 ฉบับที่ 2 ฉ.1
สถานที่: ห้องสมุดวิทยาเขตสวรรค์ประชารักษ์ >หนังสือพิมพ์
ARRIVED
ปีที่ 2 ฉบับที่ 3 ฉ.1
สถานที่: ห้องสมุดวิทยาเขตสวรรค์ประชารักษ์ >หนังสือพิมพ์
ARRIVED
ปีที่ 3 ฉบับที่ 1 ฉ.1
สถานที่: ห้องสมุดวิทยาเขตสวรรค์ประชารักษ์ >หนังสือพิมพ์
ARRIVED
ปีที่ 3 ฉบับที่ 2 ฉ.1
สถานที่: ห้องสมุดวิทยาเขตสวรรค์ประชารักษ์ >วารสาร

BibComment


ยังไม่เคยถูกคอมเมนท์

คอมเมนท์ทรัพยากรรายการนี้
  คอมเมนท์: วารสารสาธารณสุขนค..


 Copyright 2026. Bcnsprnw @Library